Sports Quiz

Random Sports Quiz

Every Arizona Diamondbacks All Star Quiz Stats

 Plays Quiz not verified by Sporcle

Also try: Football in London
Challenge
Share
Tweet
Embed
Score 0/24 Timer 10:00
0 Plays Today
Year of first All Star Game Player % Correct
1999Randy Johnson
100%
2001Curt Schilling
100%
1999Luis Gonzalez
93.2%
2013Paul Goldschmidt
93.2%
2006Brandon Webb
91.8%
2009Justin Upton
91.8%
2017Zack Greinke
87.5%
1999Matt Williams
83.6%
2000Steve Finley
80.8%
2015AJ Pollock
80%
2010Chris Young
78.1%
2017Jake Lamb
75%
Year of first All Star Game Player % Correct
2017Robbie Ray
75%
1999Jay Bell
63%
2011Miguel Montero
63%
2002Byung-Hyun Kim
57.5%
2008Dan Haren
54.8%
2007Jose Valverde
53.4%
2007Orlando Hudson
52.1%
2002Damian Miller
41.1%
2002Junior Spivey
34.2%
2013Patrick Corbin
30.1%
2012Wade Miley
28.8%
1998Devon White
24.7%

You're not logged in!

Compare scores with friends on all Sporcle quizzes.
Join for Free
OR
Log In

You Might Also Like...

Show Comments

Extras

Top Quizzes Today


Score Distribution

Your Account Isn't Verified!

In order to create a playlist on Sporcle, you need to verify the email address you used during registration. Go to your Sporcle Settings to finish the process.

Report this User

Report this user for behavior that violates our Community Guidelines.

Details: